000 00589nam a2200241 a 4500
001 nice12345678
003 IN_TiNIC
005 20260116011504.0
008 050524s1960 lona grp 000 0 eng
020 _a
_c100
082 0 0 _a297.1977
_bNIZ1
100 _aNizamul Mulk,
245 _aSiyasat Namah/sair Al-Muluk
260 _aLondon
_bKegna Paul Trench and Company
_c1960
300 _a259p
500 _aincludes index and biblioraphy
505 2 _aIndex
650 _aIslam and Politics
700 1 _aNizamul Mulk,
902 _bSRS
942 _cBK
999 _c1994
_d1994